000 00630 a2200157 4500
010 _aHIN-78407
020 _a8188134538
_c500.00
035 _aHN-50853
037 _bDBAD/PUB
082 _a828
100 _aमौर्य, श्यामवृक्ष
245 _aसमाज, दर्शन और राजनीति /
_cश्यामवृक्ष मौर्य
260 _aनई दिल्ली
_bसत्यम् पब्लिशिंग हाऊस
_c2006
300 _a304पृ.
_c22सेमी(सजिल्द)
942 _adpl
_cHN
_2ddc
_h828
_mमौर्यश्या
999 _c2551
_d2551